Marketing
保存先:
| 第一著者: | |
|---|---|
| その他の著者: | , |
| フォーマット: | 図書 |
| 出版事項: |
Madrid : Pearson Educación
|
| 版: | 10 |
| 主題: | |
| タグ: |
タグ追加
タグなし, このレコードへの初めてのタグを付けませんか!
|
MARC
| LEADER | 00000nam a2200000Ia 4500 | ||
|---|---|---|---|
| 003 | 000375 | ||
| 005 | 20221231144023.0 | ||
| 008 | 140114s2004 m a 000 ||s d | ||
| 040 | |c cru CEDI | ||
| 082 | |a 658.8 K87m | ||
| 100 | |a Kotler, Philip |9 18495 | ||
| 245 | |a Marketing | ||
| 250 | |a 10 | ||
| 260 | |a Madrid : Pearson Educación | ||
| 300 | |a xxvii 758 hojas ; ilustraciones (algunas a color) | ||
| 500 | |a Traducción de: Principles of marketing | ||
| 648 | |x ADMINISTRACION DE MERCADEO |9 18498 | ||
| 700 | |9 18496 |a Armstrong, Gary | ||
| 700 | |9 18497 |a Rivera Rodríguez, Clara Eugenia | ||
| 942 | |2 ddc |c BK | ||
| 999 | |c 15706 |d 15706 | ||
